00628nam a2200157Ia 4500008004100000082001900041100001900060245006800079260003200147365001100179630006800190730006800258942000900326999001900335952011600354100415s9999 xx 000 0 und d b11845a574.909 aFinlayson Max aWetlands : international waterfowl and wetlands research bureau aOXFORDc1991bFACTS ON FILE b857.85 aWetlands : international waterfowl and wetlands research bureau aWetlands : international waterfowl and wetlands research bureau cBOOK c594765d594762 00104070aBNHSbBNHSd1996-06-28g857.85l0o574.909 11845pBNHS-11845r2010-04-15 00:00:00w2010-04-15yBOOK